书目信息 |
| 题名: |
实用体育统计学
|
|
| 作者: | 赵书祥 编著 | |
| 分册: | ||
| 出版信息: | 北京 北京体育大学出版社 2005 |
|
| 页数: | 262页 | |
| 开本: | 28cm | |
| 丛书名: | ||
| 单 册: | ||
| 中图分类: | G80-32 | |
| 科图分类: | ||
| 主题词: | 体育统计 | |
| 电子资源: | ||
| ISBN: | 7-81100-429-1 | |
| 000 | 00787nam0 2200217 450 | |
| 001 | 012005116897 | |
| 005 | 20061114085601.51 | |
| 010 | @a7-81100-429-1@dCNY37.00 | |
| 100 | @a20060109d2005 em y0chiy0110 ea | |
| 101 | 0 | @achi |
| 102 | @aCN@b110000 | |
| 105 | @aak z 000yy | |
| 200 | 1 | @a实用体育统计学@9shi yong ti yu tong ji xue@f赵书祥编著 |
| 210 | @a北京@c北京体育大学出版社@d2005 | |
| 215 | @a262页@c图@d28cm | |
| 330 | @a本书以数据的收集与整理、描述统计学、参数与非参数推断统计学、简单的多元统计分析为主线,结合大量体育社会科学、体育生物科学及体育管理等科学中的实例,直观、系统、全面地介绍统计基础理论并与SPSS软件相结合。 | |
| 606 | 0 | @a体育统计 |
| 690 | @aG80-32@v4 | |
| 701 | 0 | @a赵书祥@9zhao shu xiang@4编著 |
| 801 | 0 | @aCN@bRENTIAN@c20061114 |
| 905 | @a10447@dG80-32@e219 | |
| 实用体育统计学/赵书祥编著.-北京:北京体育大学出版社,2005 |
| 262页:图;28cm |
| ISBN 7-81100-429-1:CNY37.00 |
| 本书以数据的收集与整理、描述统计学、参数与非参数推断统计学、简单的多元统计分析为主线,结合大量体育社会科学、体育生物科学及体育管理等科学中的实例,直观、系统、全面地介绍统计基础理论并与SPSS软件相结合。 |
| ● |
| 相关链接 |
|
|
|
|
正题名:实用体育统计学
索取号:G80-32/219
 
预约/预借
| 序号 | 登录号 | 条形码 | 馆藏地/架位号 | 状态 | 备注 |
| 1 | 0383224 | 203832246 | 第一样本阅览室/ [索取号:G80-32/219] | 在馆 | |
| 2 | 0383225 | 203832255 | 第四借阅区/ [索取号:G80-32/219] | 在馆 | |
| 3 | 0383226 | 203832264 | 第四借阅区/ [索取号:G80-32/219] | 在馆 | |
| 4 | 0383227 | 203832273 | 第四借阅区/ [索取号:G80-32/219] | 在馆 | |
| 5 | 0383228 | 203832282 | 第四借阅区/ [索取号:G80-32/219] | 在馆 |